NRL Logo Quiz - Statistics

General Stats
  • This quiz has been taken 6,017 times
    5,028 since last reset
  • The average score is 16 of 17
Answer Stats
Picture Answer % Correct
North Queensland Cowboys
97%
Brisbane Broncos
96%
Canterbury Bankstown Bulldogs
96%
Sydney Roosters
96%
Newcastle Knights
94%
Cronulla Sharks
93%
St Illawara Dragons
93%
Manly Warringah Sea Eagles
92%
Melbourne Storm
92%
Penrith Panthers
92%
West Tigers
92%
Parramatta Eels
91%
Redcliffe Dolphins
90%
South Sydney Rabbitohs
90%
Gold Coast Titans
88%
New Zealand Warriors
88%
Canberra Raiders
87%
No matching quizzes found
Score Distribution
Percent of People with Each Score
Percentile by Number Answered
Your Score History
You have not taken this quiz since the last reset